000 00319nam a22001217a 4500
999 _c6051
_d6051
245 _aGhana Maritime Authority Act, 2002 (Act 630)
_cby Republic of Ghana
246 _aAct 630
260 _aAccra
_bAssembly Press
300 _a11p.
440 _aActs of Parliament
650 _aGhana Maritime Authority Act
942 _cREF